UBT Library

Scope manual on nutrition (Record no. 41682)

000 -LEADER
fixed length control field 00557cam a2200193 4500
001 - CONTROL NUMBER
control field 768347
005 - DATE AND TIME OF LATEST TRANSACTION
control field 20180202081709.0
008 - FIXED-LENGTH DATA ELEMENTS--GENERAL INFORMATION
fixed length control field 710323s1970 miua 000 0 eng
010 ## - LIBRARY OF CONGRESS CONTROL NUMBER
LC control number 71112745
040 ## - CATALOGING SOURCE
Original cataloging agency DLC
Transcribing agency DLC
Modifying agency DLC
041 ## - LANGUAGE CODE
Language code of text/sound track or separate title eng
080 ## - UNIVERSAL DECIMAL CLASSIFICATION NUMBER
Universal Decimal Classification number 616.39 MIC
082 00 - DEWEY DECIMAL CLASSIFICATION NUMBER
Classification number 616.39 MIC
100 ## - Rafti
Rafti 10
101 ## - Shkurtesa
Shkurtesa NUT
245 00 - TITLE STATEMENT
Title Scope manual on nutrition
Statement of responsibility, etc [by] Michael C. Latham [and others] Dept. of Nutrition, School of Public Health, Harvard University.
906 ## - LOCAL DATA ELEMENT F, LDF (RLIN)
a 7
b cbc
c orignew
d 4
e ncip
f 19
g y-gencatlg
942 ## - ADDED ENTRY ELEMENTS (KOHA)
Source of classification or shelving scheme
Item type Books
Holdings
Withdrawn status Lost status Source of classification or shelving scheme Damaged status Not for loan Collection code Permanent location Current location Shelving location Date acquired Total Checkouts Full call number Barcode Date last seen Price effective from Koha item type
          Koleksioni i përgjithshem UBT - Lipjan UBT - Lipjan Koleksioni i përgjithshem 02/02/2018   616.39 MIC 002-2997557 02/02/2018 02/02/2018 Books
UBT Library © 2015-2024. All rights reserved University Education for Business and Technology